[Event "EOC-ch Playoff-B 2021"]
[Site "Online"]
[Date "2021.03.29"]
[Round "4.10"]
[White "Eljanov, Pavel"]
[Black "Guseinov, Gadir"]
[Result "0-1"]
[WhiteElo "2672"]
[BlackElo "2665"]
[Annotator "TA"]
[PlyCount "128"]
[EventDate "2021.03.29"]
[EventType "team-tourn"]
[EventCountry "NET"]
[SourceTitle "playchess.com"]
[Source "ChessBase"]
[SourceQuality "1"]

{[%evp 22,128,89,69,75,76,100,52,53,51,55,50,58,38,58,47,56,-58,-55,-62,57,57,88,98,110,84,93,74,102,81,57,89,89,80,139,42,56,20,1,-102,-108,-168,-154,-149,-152,-139,-115,-187,-185,-194,-200,-201,-172,-223,-218,-233,-233,-232,-245,-241,-245,-245,-247,-262,-180,-235,-150,-155,-155,-137,-115,-315,-300,-339,-339,-364,-337,-337,-350,-337,-346,-329,-329,-337,-311,-419,-362,-296,0,-404,-412,-404,-397,-375,-354,-347,-300,-523,-498,-508,-502,-486,-381,-829,-819,-9141,-7963,-29988,-29989]} 1. d4 Nf6 2. c4 g6 3. Nc3 Bg7 4. e4 d6 5. Nf3 O-O 6. Be2 c6 7. O-O e5 8. d5 Na6 9. Be3 Ng4 10. Bg5 f6 11. Bh4 c5 12. Ne1 Nh6 {E94: King's Indian: Classical: 6 Be2 e5 7 0-0: Various Black 7th moves.} 13. f3 {is more profitable than 13.Nd3 at the moment.} Nf7 14. Nd3 Bh6 {White is slightly better.} 15. Bf2 f5 16. Rb1 Nc7 17. b4 b6 18. bxc5 bxc5 {[#]} 19. Nxc5 $146 (19. exf5 $14 gxf5 20. Ne1) ({Predecessor:} 19. Qe1 Ne8 20. Bd1 fxe4 21. Nxe4 Bf5 22. Rb3 Nf6 23. Bh4 Bxe4 24. fxe4 Bg5 25. Bg3 {½-½ (54) Bosiocic,M (2610)-Kozul,Z (2631) Valpovo 2017}) 19... dxc5 $15 20. Bxc5 Re8 (20... Na6 $1 $15 21. Bxf8 Qxf8) 21. Bf2 $14 {[%mdl 1024] White has compensation.} Rf8 22. c5 Ne8 23. d6 Be6 24. Qa4 Nf6 25. Bc4 Bxc4 26. Qxc4 Rc8 {White should prevent ...Qxd6!} 27. Rfd1 {Black must now prevent exf5.} Kh8 ({Black should try} 27... Qd7) 28. Qa4 ({White should play} 28. exf5 $16 gxf5 29. Rb7 Nxd6 30. Qh4 (30. Rxd6 $2 Qxd6 {[%mdl 64] Pin} 31. Rb1 Qd2 $19)) 28... Qd7 {With the idea ...Qxa4.} 29. Qxd7 Nxd7 30. Nd5 (30. exf5 $11 Nxc5 31. fxg6 hxg6 32. Nd5) 30... fxe4 $17 (30... Nxc5 31. Ne7 $16) 31. Rb5 (31. Ne7 $17 Rxc5 32. Bxc5 Nxc5 33. Nc6) 31... e3 32. Nxe3 Rxc5 33. Rb7 {Hoping for Ng4.} Rd8 $1 34. Ng4 (34. Nf5 $17 Rc4 35. Nxh6 Nxh6 36. Rxa7) 34... Rc1 $1 $19 {[%cal Rc1d1]} 35. Rxc1 Bxc1 36. Rxa7 Nxd6 37. Rc7 (37. a4 $142) 37... Bd2 38. Kf1 Nf5 39. Ke2 Ba5 40. Ra7 Bc3 41. a4 h5 42. Ne3 {intending Nxf5.} Bd4 43. Rc7 (43. Ra6 $142) 43... Nb6 44. Nxf5 gxf5 45. Bxd4 Rxd4 $17 {[%mdl 4096] Endgame KRN-KR} 46. a5 (46. Rf7 $17) 46... Nd5 $19 47. Rf7 Nf4+ 48. Kf1 Rd1+ 49. Kf2 Rd2+ 50. Kf1 {[#]} Ra2 $1 (50... Nxg2 51. a6 $15) 51. Rxf5 {[#]} Ra1+ $1 (51... Rxa5 52. g3 $17) ({And not} 51... Nxg2 52. Rxh5+ Kg8 53. Rg5+ (53. Rxe5 Nh4 $11) 53... Kf7 54. Rxg2 $14) 52. Kf2 Kg7 ({Less strong is} 52... Rxa5 53. g3 $17) 53. h4 {If White can now play g3 this consolidates a bit.} Ra2+ 54. Kf1 Ra1+ ({Weaker is} 54... Nxg2 55. Rg5+ Kh6 56. Rxg2 $11) 55. Kf2 {and the idea g3 leaves White hopeful.} Kg6 56. Rg5+ Kf6 57. Rg8 Ra2+ 58. Kf1 Rxa5 59. g3 $2 (59. Kf2) 59... Ra1+ 60. Kf2 Ra2+ 61. Kf1 Ne6 62. Rh8 $2 (62. Rb8) 62... Nd4 63. Rxh5 Nxf3 64. Rh8 e4 {Weighted Error Value: White=0.61/Black=0.20} 0-1

[Event "EOC-ch Playoff-B 2021"]
[Site "Online"]
[Date "2021.03.29"]
[Round "4.11"]
[White "Abasov, Nijat"]
[Black "Kuzubov, Yuriy"]
[Result "1/2-1/2"]
[WhiteElo "2664"]
[BlackElo "2642"]
[Annotator "TA"]
[PlyCount "91"]
[EventDate "2021.03.29"]
[EventType "team-tourn"]
[EventCountry "NET"]
[SourceTitle "playchess.com"]
[Source "ChessBase"]
[SourceQuality "1"]

{[%evp 20,91,21,23,31,24,41,37,33,0,6,4,0,0,0,0,0,0,10,10,39,30,33,33,31,25,24,20,29,24,27,15,16,16,27,16,16,14,22,24,33,29,32,29,27,26,40,4,4,4,5,0,0,0,5,0,0,0,0,0,0,0,0,0,0,0,0,0,0,0,0,0,0,0]} 1. d4 Nf6 2. c4 e6 3. Nf3 d5 4. Nc3 Nbd7 5. Bg5 h6 6. Bh4 Be7 7. e3 O-O 8. Qc2 c5 9. dxc5 dxc4 10. Bxc4 Nxc5 11. O-O Bd7 {D61: Queen's Gambit Declined: Classical: 7 Qc2.} 12. Rfd1 Qb6 {[#]} 13. Ne5 $146 {[#] aiming for Bxf6.} ({Predecessor:} 13. Rac1 Bc6 14. Ne5 Rad8 15. Nxc6 Rxd1+ 16. Rxd1 Qxc6 17. Be2 Rd8 18. Rxd8+ Bxd8 {1-0 (55) Schmidt,H-Seyb,N GER email 2007}) 13... Rfd8 {White is slightly better.} 14. Nxd7 Rxd7 15. Rxd7 Ncxd7 16. Rd1 {Strongly threatening Rxd7!} Ne5 17. Be2 Rc8 18. Bg3 Ned7 19. Qb1 Bb4 20. Ne4 Nxe4 21. Qxe4 Nf6 22. Qb1 Be7 23. Bf3 Qb5 24. h3 b6 25. Rc1 Rxc1+ 26. Qxc1 Qd7 27. Qc6 Qxc6 28. Bxc6 $11 {[%mdl 4096] Endgame KBB-KBN} Kf8 29. Kf1 Bc5 30. Ke2 Ke7 31. Be5 Bd6 32. Bc3 g6 33. Kd3 Nd5 {The position is equal.} 34. Bxd5 exd5 {KB-KB} 35. a4 a6 36. Bd4 b5 37. axb5 axb5 38. g4 h5 39. f3 f5 40. gxh5 gxh5 41. f4 Ke6 42. Kc3 Be7 43. Kb3 Bd6 44. Kc3 Be7 45. Kb3 Bd6 46. Kc3 {Weighted Error Value: White=0.05/Black=0.03} 1/2-1/2

[Event "EOC-ch Playoff-B 2021"]
[Site "Online"]
[Date "2021.03.29"]
[Round "4.12"]
[White "Baklan, Vladimir"]
[Black "Durarbayli, Vasif"]
[Result "1/2-1/2"]
[WhiteElo "2587"]
[BlackElo "2606"]
[Annotator "TA"]
[PlyCount "61"]
[EventDate "2021.03.29"]
[EventType "team-tourn"]
[EventCountry "NET"]
[SourceTitle "playchess.com"]
[Source "ChessBase"]
[SourceQuality "1"]

{[%evp 14,61,5,1,9,8,17,10,9,0,0,-7,-6,-15,0,0,0,0,0,-9,0,-12,-4,-8,-8,-14,-8,0,-1,-5,0,-16,-13,-11,12,11,39,40,38,31,70,79,68,27,29,15,26,14,2,6]} 1. e4 e5 2. Nf3 Nc6 3. Bb5 a6 4. Ba4 Nf6 5. Nc3 b5 6. Bb3 Bc5 7. O-O O-O 8. d3 d6 {C78: Ruy Lopez: Archangelsk and Möller Defences.} 9. Nd5 Nxd5 10. Bxd5 Bd7 11. c3 Rb8 12. b4 Bb6 {[#]} 13. a4 $146 ({Predecessor:} 13. Be3 Ne7 14. Bb3 Ng6 15. d4 a5 16. a3 h6 17. Qd3 Re8 18. Nd2 Qf6 19. dxe5 Nxe5 {1-0 (72) Steinberg,N (2476)-Soffer,R (2488) Tiberias 2016}) 13... Ne7 14. Bb3 a5 15. bxa5 Bxa5 16. Ng5 {[#] Threatens to win with axb5.} Be8 17. Bd2 ({Much weaker is} 17. Qh5 h6 $17) 17... h6 18. Nf3 bxa4 19. Bxa4 Bb6 20. d4 Ng6 21. Be3 Qe7 22. Nd2 Bxa4 23. Qxa4 Kh7 24. Qc2 Qf6 {[%cal Re5d4]} 25. Nc4 exd4 26. Nxb6 dxe3 27. Nd7 {[%mdl 64] [#] Double Attack} exf2+ 28. Rxf2 (28. Qxf2 $5 {[%cal Rd7f6]} Qe7 29. Nxb8 Rxb8 30. Qf5 $14 (30. Qxf7 Qxe4 31. Qf5 Qe3+ 32. Kh1 Rb2 $16)) 28... Qe6 29. Nxf8+ Rxf8 30. Ra7 Qc4 31. Ra4 {Weighted Error Value: White=0.06/Black=0.06} 1/2-1/2

[Event "EOC-ch Playoff-B 2021"]
[Site "Online"]
[Date "2021.03.29"]
[Round "5.1"]
[White "Kryvoruchko, Yuriy"]
[Black "Bluebaum, Matthias"]
[Result "1/2-1/2"]
[WhiteElo "2699"]
[BlackElo "2670"]
[Annotator "TA"]
[PlyCount "118"]
[EventDate "2021.03.29"]
[EventType "team-tourn"]
[EventCountry "NET"]
[SourceTitle "playchess.com"]
[Source "ChessBase"]
[SourceQuality "1"]

{[%evp 14,118,12,9,10,8,9,13,13,8,8,8,6,15,6,0,19,24,20,0,0,4,4,4,0,-19,22,14,48,45,45,45,48,39,41,14,18,12,11,0,21,0,0,0,0,0,0,0,0,0,0,0,0,0,0,0,0,0,0,0,0,0,0,0,0,0,0,0,0,0,0,-41,0,0,0,0,0,0,0,0,0,0,0,0,0,0,0,0,0,-208,-208,-208,-206,-173,0,0,0,0,0,0,0,0,0,0,0,0,0]} 1. e4 e6 2. d4 d5 3. Nc3 Nf6 4. e5 Nfd7 5. f4 c5 6. Nf3 Nc6 7. Be3 a6 8. a3 Qb6 {C11: French: Classical System: 4 e5 and 4 Bg5 dxe4.} 9. Be2 cxd4 {The main line 9...cxd4 scores better than 9...Qa7.} ({Wrong is} 9... Qxb2 $2 10. Na4 $18) 10. Nxd4 Bc5 {[%cal Rc6d4] [#]} ({Don't blunder} 10... Qxb2 $2 11. Na4 $18) 11. Na4 $1 Qa5+ {[%mdl 64] Double Attack} 12. c3 Bxd4 13. Bxd4 Nxd4 14. Qxd4 Qc7 15. b4 O-O 16. O-O b5 17. Nb2 {[%cal Ba4b2,Bb2d3,Bd3c5][%mdl 32]} Nb6 18. Nd3 {[#]} Bd7 $146 ({Predecessor:} 18... Na4 19. Rac1 Bd7 20. Bd1 Nb6 21. Nc5 Nc4 22. Bb3 Bc6 23. Rce1 Rfe8 24. Bc2 Nxa3 {½-½ (32) Yamaliev,V (2480)-Schwenteck,C (2468) ICCF email 2015}) 19. Rac1 Rfc8 20. Nc5 Na4 21. Nxa4 bxa4 22. c4 dxc4 23. Rxc4 Qb7 24. Rd1 Rxc4 25. Bxc4 Bc6 26. h4 h6 27. Rd2 Bb5 28. Ba2 Qa7 (28... Qe7 {is interesting.} 29. g3 Rc8 30. Kh2 Rc1 31. Qb2 Qc7) 29. Qxa7 Rxa7 $11 {[%mdl 4096] Endgame KRB-KRB} 30. Rd8+ (30. Bb1 {keeps more tension.} g6 31. Be4 Rc7 32. Rc2 Rd7 33. Kf2) 30... Kh7 31. Bb1+ g6 32. Rc8 Rd7 33. Bc2 Kg7 34. Kf2 Rd2+ 35. Kf3 h5 36. g3 (36. Rc5 {seems wilder.} Kf8 37. Rc3 Ke7 38. Be4 Kd7 39. Bb7) 36... Rh2 37. Rc3 (37. Be4 {is more complex.} Re2 38. Rc3 Kf8 39. Bd3 Re1 40. Kf2) 37... Kf8 $1 38. Ke3 Ke7 39. Bd3 Rg2 40. Kf3 Rd2 41. Bxb5 (41. Be4 {looks sharper.} Kd7 42. g4 hxg4+ 43. Kxg4 Re2 44. Bc2) 41... axb5 {KR-KR} 42. g4 hxg4+ (42... Rh2 $5 {[%cal Rh2h3]} 43. Kg3 Rb2 44. gxh5 Rb3 $17) 43. Kxg4 Rg2+ 44. Kf3 Rh2 45. Kg3 Rb2 {Strongly threatening ...Rb3.} 46. Kg4 Rg2+ 47. Kf3 Rh2 {And now ...Rh3+ would win.} 48. Kg3 Rb2 {White must now prevent ...Rb3.} 49. Rc5 Rb3+ 50. Kg4 $1 Kf8 51. h5 $2 (51. Rxb5 $11 {and White is okay.} Rxa3 52. Rb8+ Kg7 53. Ra8) 51... gxh5+ $19 ({Not} 51... Rxa3 52. h6 $11) 52. Kxh5 Rxa3 53. Rxb5 {[#]} Kg7 $2 (53... Ra1 $1 $19 {Threatens to win with ...a3.} 54. Kg5 Kg7) 54. Ra5 $11 {The position is equal.} Ra1 {Hoping for ...a3.} 55. b5 a3 {aiming for ...a2.} 56. b6 Rh1+ (56... a2 $5 57. b7 $8 Rh1+ 58. Kg4 Rg1+ 59. Kf3 Rf1+ 60. Kg2 Rb1 $11) 57. Kg4 Rg1+ 58. Kf3 Rb1 59. Rxa3 Rxb6 {Weighted Error Value: White=0.09/Black=0.08} 1/2-1/2

[Event "EOC-ch Playoff-B 2021"]
[Site "Online"]
[Date "2021.03.29"]
[Round "5.2"]
[White "Donchenko, Alexander"]
[Black "Eljanov, Pavel"]
[Result "0-1"]
[WhiteElo "2678"]
[BlackElo "2672"]
[Annotator "TA"]
[PlyCount "82"]
[EventDate "2021.03.29"]
[EventType "team-tourn"]
[EventCountry "NET"]
[SourceTitle "playchess.com"]
[Source "ChessBase"]
[SourceQuality "1"]

{[%evp 9,82,14,13,11,12,22,25,4,25,18,18,17,15,15,15,9,28,12,18,-3,25,0,0,-13,-2,-15,0,-44,-19,-33,-31,-49,-49,-59,-37,-53,-58,-56,-52,-59,-29,-37,-44,-64,-40,-42,-44,-35,0,0,0,-11,-11,-11,-11,-14,-14,-474,-470,-469,-457,-456,-429,-429,-421,-489,-469,-466,-424,-430,-414,-393,-366,-393,-392]} 1. Nf3 Nf6 2. g3 d5 3. Bg2 c6 4. O-O Bg4 5. h3 Bh5 6. d4 {A07: Réti Opening: New York and Capablanca Systems.} e6 7. c4 Nbd7 {[%cal Bb8d7,Bd7f8,Bf8e6,Be6d4][%mdl 32]} 8. cxd5 {White has an edge.} exd5 9. Qb3 Qb6 10. Qe3+ Be7 11. Nh4 {[#] Threatens to win with Nf5!} Bg6 12. Nc3 {[%cal Bb1c3,Bc3a4,Ba4c5,Bc5d3,Bd3f4][%mdl 32]} Nf8 $5 {[%mdl 4] Exploring less charted territory.} 13. Na4 Qc7 14. Nc5 N6d7 15. Nxg6 (15. b4 {keeps more tension.} Nxc5 16. bxc5 Ne6 17. Nxg6 hxg6 18. Qc3) 15... hxg6 {[#]} 16. Nd3 $146 ({Predecessor:} 16. Nxd7 Qxd7 17. Qd3 Ne6 18. Bd2 Bf6 19. Be3 Nc7 20. Bf4 Ne6 21. Be3 Nc7 22. Bf4 {½-½ (22) Persanyi,B (2399)-Maerevoet,S (2321) Budapest 2019}) 16... Ne6 17. Nf4 Ndf8 18. Rb1 Bf6 19. Qd3 Nxd4 20. e4 dxe4 21. Qxe4+ Nfe6 22. b4 O-O 23. Nxe6 Nxe6 24. b5 {[%cal Rb5c6]} Nd4 {White must now prevent ...Rfe8.} 25. bxc6 bxc6 26. Re1 Rac8 27. Bd2 Qd7 28. Qg4 Nf3+ 29. Bxf3 Qxd2 30. Re2 Qd6 31. Qa4 c5 32. Qxa7 c4 {Hoping for ...Bd4.} 33. Qa4 $2 {[%mdl 8192] This move loses the game for White.} (33. Qb6 $11 Qd3 34. Re3) 33... Qd3 $1 $19 {[%csl LRb1,LRf3][%mdl 64] [#] Double Attack} 34. Rc2 Qxf3 35. Rxc4 Rxc4 36. Qxc4 Rd8 {Strongly threatening ...Bd4!} 37. Qb3 Qe2 38. Rf1 Ra8 39. a4 Qe8 40. Qb5 Kf8 41. Rd1 Rxa4 {Weighted Error Value: White=0.30/Black=0.09} 0-1

[Event "EOC-ch Playoff-B 2021"]
[Site "Online"]
[Date "2021.03.29"]
[Round "5.3"]
[White "Kuzubov, Yuriy"]
[Black "Keymer, Vincent"]
[Result "0-1"]
[WhiteElo "2642"]
[BlackElo "2591"]
[Annotator "TA"]
[PlyCount "70"]
[EventDate "2021.03.29"]
[EventType "team-tourn"]
[EventCountry "NET"]
[SourceTitle "playchess.com"]
[Source "ChessBase"]
[SourceQuality "1"]

{[%evp 16,69,14,-17,13,-30,0,-26,0,-27,27,18,26,0,87,70,71,51,147,112,129,131,131,111,137,59,108,85,111,93,104,105,119,106,99,0,0,0,108,15,8,-275,-269,-277,-66,-817,-752,-678,-4,-4,-4,-29997,-29998,-29998,-29999,-29999]} 1. d4 {Vaisser,A} Nf6 2. c4 e6 3. Nc3 Bb4 4. e3 c5 5. Bd3 Nc6 6. Nge2 cxd4 7. exd4 d5 8. cxd5 Nxd5 9. Bc2 Bd6 {E41: Nimzo-Indian: Rubinstein: 4...c5 5 Bd3, including Hübner Variation.} 10. a3 Nxc3 11. bxc3 {[#]} Bd7 $146 {Black has an edge.} ({Predecessor:} 11... e5 12. Qd3 g6 13. Qf3 O-O 14. Bh6 Re8 15. Bb3 Qe7 16. Bg5 Qc7 17. h4 exd4 {0-1 (28) Sokolov,I (2630)-Anand,V (2725) London 1995 CBM 049 Extra [Vaisser,A]}) 12. Qd3 Qh4 (12... Qc7 $142) 13. Ng3 $11 Rc8 14. O-O Ne7 (14... g6 $11 {keeps the balance.}) 15. Re1 $1 $16 Ng6 16. Rb1 {Strongly threatening d5.} b6 (16... O-O $14) 17. Re4 Qd8 18. Nf5 $1 {[%cal Rf5d6]} Bc6 19. Nxg7+ Kd7 20. Rg4 ({Better is} 20. g3 $16) 20... Rg8 21. Nh5 f5 {[#]} 22. Bg5 $1 {[%mdl 512]} Be7 23. Bxe7 Qxe7 24. Rg3 Kc7 25. c4 (25. Qe2 $16) 25... f4 $11 26. Rg4 {aiming for c5.} Nh4 (26... Ne5 $1 $11 27. Rxg8 Rxg8 28. dxe5 Rxg2+ 29. Kf1 Qh4 {[%mdl 64] Double Attack} 30. Qxh7+ Kc8 31. Qh8+ Kb7 32. Qh7+ Kc8 33. Qh8+ Kb7 34. Qh7+ Kc8) 27. Rxg8 (27. Bd1 $16) 27... Rxg8 28. d5 $2 {[%mdl 8192]} (28. Qxh7 Qxh7 29. Bxh7 Rxg2+ 30. Kf1 Rxh2 $17) (28. Nxf4 $11 {and White has nothing to worry.} Bxg2 29. Nxg2) 28... Rxg2+ $19 29. Kf1 {[#]} (29. Kh1 $2 Rxf2 30. Nxf4 (30. dxc6 $2 Nf3 $19) 30... Nf3 $1 $19) 29... Qg5 $40 {[%mdl 128] White needs to defend precisely.} 30. Qxh7+ $2 {[%mdl 8192]} ({But not} 30. dxc6 $2 Rg1+ 31. Ke2 f3+ 32. Qxf3 Nxf3 $19) (30. Ng3 $15 exd5 31. cxd5 Qxd5 32. Qxh7+ Kb8 33. Qh8+ Kc7 34. Qh7+ Kc8 35. Qh8+ Kb7 36. Qh7+ Kc8 37. Qh8+ Kb7 38. Qh7+ Kb8 39. Qh8+ Kc7 40. Qh7+) (30. Ng3 exd5) 30... Bd7 31. d6+ Kxd6 $2 (31... Kb8 $1 $19 32. Rb3 (32. Qxd7 {is a self mate.} Rxf2+ {[%mdl 64] Back Rank, Clearance} 33. Kxf2 Qg2+ {[%mdl 64] Double Attack} 34. Ke1 Nf3+ {[%mdl 64] Double Attack} 35. Kd1 Qf1#) 32... f3 $1 33. Rxf3 Nxf3 34. Qh8+ Kb7 35. Be4+ Ka6 36. Bxf3 Rg1+ 37. Ke2 Qc1) 32. Rd1+ $11 Kc5 {( -> ...Rxf2+!)} 33. Qxd7 $4 {[%mdl 8192] [#]} (33. Rxd7 {[#] gets mated.} Rxf2+ $3 {[%mdl 512]} 34. Kxf2 Qg2+ 35. Ke1 Nf3+ 36. Kd1 Qf1#) (33. Ng3 $11 fxg3 34. hxg3) 33... Rxf2+ $1 {[%mdl 576] Clearance. Black mates.} 34. Kxf2 Qg2+ {[%mdl 64] Double Attack} 35. Ke1 Nf3# {Weighted Error Value: White=0.66/Black=0.54} 0-1

[Event "EOC-ch Playoff-B 2021"]
[Site "Online"]
[Date "2021.03.29"]
[Round "5.5"]
[White "Muradli, Mahammad"]
[Black "Mamedyarov, Shakhriyar"]
[Result "1/2-1/2"]
[WhiteElo "2449"]
[BlackElo "2770"]
[Annotator "TA"]
[PlyCount "65"]
[EventDate "2021.03.29"]
[EventType "team-tourn"]
[EventCountry "NET"]
[SourceTitle "playchess.com"]
[Source "ChessBase"]
[SourceQuality "1"]

{[%evp 25,65,18,25,0,23,0,16,10,29,0,0,0,13,0,6,9,138,108,106,63,52,48,54,22,12,20,15,0,0,0,0,0,0,-42,0,0,0,0,0,0,0,0]} 1. d4 Nf6 2. c4 e6 3. Nf3 d5 4. Nc3 c5 5. cxd5 Nxd5 6. e4 Nxc3 7. bxc3 cxd4 8. cxd4 Bb4+ 9. Bd2 Bxd2+ 10. Qxd2 O-O 11. Bc4 Nd7 12. O-O b6 13. Rfe1 Bb7 14. Re3 {D41: Queen's Gambit Declined: Semi-Tarrasch with 5 cxd5.} Rc8 15. Bb3 h6 16. Rd1 Nf6 {[#]} 17. Qe1 $146 ({Predecessor:} 17. d5 exd5 18. exd5 Qd6 19. Nh4 Rfe8 20. Nf5 Qd7 21. Rf3 Bxd5 22. Nxh6+ gxh6 23. Rxf6 {½-½ (42) Leko,P (2663)-Nepomniachtchi,I (2784) chess24.com INT 2020}) 17... Qc7 18. d5 exd5 19. exd5 {And now d6 would win.} Qd6 20. Nd4 {[#] Hoping for Nf5.} Kh8 ({Avoid the trap} 20... Nxd5 $2 21. Nf5 $18) (20... Qd7 $1 $11) 21. Nb5 Qd7 22. Nxa7 Rce8 {[%cal Rb7d5]} 23. Qb4 {Black must now prevent Ba4.} Nxd5 24. Red3 {[%cal Rb3d5]} (24. h4 {feels hotter.} Kg8 25. Rxe8 Rxe8 26. Nb5 Re5 27. Qd6) 24... Qe7 25. Qxe7 Rxe7 26. Bxd5 (26. Nb5 {keeps more tension.} Nf4 27. Re3 Rxe3 28. fxe3 Nxg2 29. Nd6) 26... Bxd5 27. Rxd5 {[#] Threatens to win with Rd7.} Rxa7 28. Rd8 Rxd8 29. Rxd8+ $11 {KR-KR} Kh7 30. Rd2 {The position is equal.} Kg6 31. g3 b5 32. Rd5 Rxa2 33. Rxb5 {Weighted Error Value: White=0.13/Black=0.12} 1/2-1/2

[Event "EOC-ch Playoff-B 2021"]
[Site "Online"]
[Date "2021.03.29"]
[Round "5.6"]
[White "Guseinov, Gadir"]
[Black "Mammadzada, Gunay"]
[Result "1-0"]
[WhiteElo "2665"]
[BlackElo "2443"]
[Annotator "TA"]
[PlyCount "95"]
[EventDate "2021.03.29"]
[EventType "team-tourn"]
[EventCountry "NET"]
[SourceTitle "playchess.com"]
[Source "ChessBase"]
[SourceQuality "1"]

{[%evp 9,95,23,15,21,20,13,38,10,22,5,18,4,9,0,0,0,39,25,25,20,56,27,46,14,120,124,134,138,167,170,230,202,239,141,133,123,120,96,107,116,116,94,89,84,84,85,81,60,96,94,88,37,95,99,104,76,103,107,134,106,112,106,106,103,135,116,121,108,189,195,334,331,327,329,374,360,304,104,479,482,1673,1428,1785,1413,29970,29975,29973,29974]} 1. e4 c5 2. Nc3 d6 3. Bb5+ Bd7 4. Bxd7+ Qxd7 5. d4 cxd4 6. Qxd4 {B23: Closed Sicilian: Lines without g3.} Nc6 7. Qd3 Nf6 8. Nf3 {White is slightly better.} g6 9. O-O Bg7 10. Nd5 O-O 11. Bg5 Nh5 12. Rad1 h6 {[#]} 13. Bc1 $146 ({Predecessor:} 13. Bh4 Rae8 14. c3 f5 15. exf5 gxf5 16. Qd2 e5 17. Ne1 e4 18. f4 exf3 19. Nxf3 {0-1 (47) Shimanov,A (2587)-Giri,A (2769) Moscow 2019}) 13... Rad8 14. c4 a6 15. b3 e6 16. Nf4 {Threatening Nxh5.} (16. Nb6 {keeps more tension.} Qc7 17. Be3 g5 18. Na4 Nf4 19. Qd2) 16... Nb4 (16... Nf6 $11 {keeps the balance.}) 17. Qe2 $16 Nxf4 18. Bxf4 Qe7 19. Qd2 d5 (19... e5 $142) 20. exd5 $18 (20. cxd5 exd5 21. e5 g5 $11) 20... exd5 21. a3 ({Worse is} 21. cxd5 Rxd5 22. Qe1 Qxe1 $15) (21. Bxh6 dxc4 22. Qf4 Nd3 $17) (21. Rfe1 $18 Qf6 22. Bc7 (22. Qxb4 Qxf4 23. Qb6 Qf5 $14) (22. cxd5 Nxd5 23. Be5 Qb6 $11) (22. Bxh6 Bxh6 23. Qxb4 dxc4 $16)) 21... Nc6 $16 22. cxd5 g5 23. Qc1 {[#] Rfe1 is the strong threat.} Rc8 {aiming for ...Ne5.} 24. dxc6 Rxc6 25. Qe3 Re6 26. Bxg5 Rxe3 27. Bxe7 Rxe7 28. Nh4 Rc7 29. Rd3 Rfc8 30. g4 (30. g3 $16) 30... b5 ({Black should play} 30... h5 $14) 31. Nf5 Bf8 32. Kg2 a5 33. Rd5 Rb7 34. Rfd1 Kh7 35. Rd7 Rcb8 36. a4 (36. R1d5 {feels hotter.} Bxa3 37. Rxb7 Rxb7 38. Nd4 Be7 39. Nxb5 Bh4 40. f4) 36... bxa4 37. bxa4 Rxd7 38. Rxd7 {[%mdl 4096] Endgame KRB-KRN} Rb4 (38... Kg6 $16) 39. h3 $18 ({Weaker is} 39. Rxf7+ Kg8 $11) 39... Rxa4 (39... Kg8 $142 40. Rd8 f6 41. Nxh6+ Kg7 42. Nf5+ Kg8 43. Nh6+ Kg7 44. Nf5+ Kg8 45. Nh6+) 40. Rxf7+ {[%mdl 64] Double Attack} Kg8 {[#]} 41. Ra7 Ra2 42. Kg3 a4 43. Kh4 $2 (43. Ra6 $18 {has better winning chances.}) 43... a3 $2 {[%mdl 8192] A mistake that costs the game.} (43... Rxf2 $16 {is a better chance.} 44. Rxa4 Rf3) 44. Kh5 Rc2 (44... Bc5 $142 45. Nxh6+ Kf8 46. Ra8+ Ke7) 45. Nxh6+ Bxh6 46. Kxh6 Rxf2 47. Rxa3 Rf6+ 48. Kh5 {Weighted Error Value: White=0.16/Black=0.56} 1-0

[Event "EOC-ch Playoff-B 2021"]
[Site "Online"]
[Date "2021.03.29"]
[Round "5.7"]
[White "Shahaliyev, Ismayil"]
[Black "Durarbayli, Vasif"]
[Result "0-1"]
[WhiteElo "2413"]
[BlackElo "2606"]
[Annotator "TA"]
[PlyCount "50"]
[EventDate "2021.03.29"]
[EventType "team-tourn"]
[EventCountry "NET"]
[SourceTitle "playchess.com"]
[Source "ChessBase"]
[SourceQuality "1"]

{[%evp 13,50,9,3,0,2,-1,9,7,2,0,16,18,31,16,29,0,10,-27,-51,-119,-105,-270,-264,-264,-254,-464,-474,-693,-704,-702,-699,-672,-692,-660,-646,-637,-642,-729,-700]} 1. e4 e5 2. Nf3 Nc6 3. Bb5 a6 4. Ba4 Nf6 5. d3 b5 6. Bb3 Bc5 7. c3 {7.Nc3 is the recent fashion.} d6 8. h3 {C77: Ruy Lopez: 3...a6 4 Ba4 Nf6, unusual lines.} O-O 9. Nbd2 a5 $5 {[%mdl 4] Exploring less charted territory.} 10. a4 {The position is equal.} b4 11. O-O {[#]} bxc3 $146 ({Predecessor:} 11... h6 12. Nc4 Be6 13. Ne3 Bb6 14. Nd5 Bxd5 15. exd5 Ne7 16. c4 Nf5 17. Qe2 Ng3 18. Qe1 Nxf1 19. Qxf1 {0-1 (36) Klinova,M (2275)-Havanecz,B (2251) chess.com INT 2020}) 12. bxc3 Be6 13. Re1 Rb8 14. Nc4 Ba7 15. Ba3 Nh5 16. d4 (16. Bc1 $15) 16... Nf4 {White must now prevent ...exd4.} 17. d5 {Now White is beyond hope.} ({Don't go for} 17. dxe5 $2 Rxb3 $1 18. Qxb3 Nxe5 $19) (17. Bc1 $17 Qf6 18. Bxf4 Qxf4 19. Ba2) 17... Bxh3 $1 $19 18. g3 {[#]} Qf6 $40 {[%mdl 128] Black is out for blood.} 19. dxc6 $2 {[#]} (19. Bc2 Qg6 20. Ne3) 19... Rxb3 $1 {[%mdl 512] Black is clearly winning.} 20. Qxb3 {[#]} (20. Bc1 $142) 20... Ne2+ $1 {[%mdl 576] Discovered Attack} 21. Rxe2 Qxf3 {[%csl Gh3][%cal Rf3g2]} 22. Ne3 Bxe3 (22... Qxe2 $2 23. Qd1 $19) 23. fxe3 Qxe2 {[%csl Gh3][%cal Re2g2]} 24. Qb2 Qxe3+ 25. Kh2 Bg4 {Weighted Error Value: White=0.56/Black=0.03} 0-1